000 00538nam a22001937a 4500
003 KOHA_MİRAKIL
005 20251116172520.0
008 251116b tu ||||| |||| 00| 0 tur d
020 _a9789752566743
040 _aTR-AnABB
_btur
_cTR-AnABB
041 _atur
082 _a813.42
_bTOK 2022
100 1 _aTokgöz, Bülent,
245 1 0 _aAşk rüsvaylıktır /
_cBülent Tokgöz
260 _aİstanbul :
_bKaknüs Yayınları,
_c2022
300 _a332 sayfa ;
_c21 cm
650 0 4 _aTürk edebiyatı, roman
942 _2ddc
_cBK
999 _c9468
_d9468
900 _bGizem YORULMAZ